Statistics for First and Last - UK

Click here to take the quiz!

General Stats

  • This quiz has been taken 20 times
  • The average score is 3 of 10

Answer Stats

GroupSub-DivisionPopulationName of Settlement% Correct
FirstScotland195kAberdeen
95%
LastEngland152kYork
68%
LastEngland210kWolverhampton
42%
LastWales61kWrexham
42%
LastEngland100kWorcester
26%
FirstEngland57kAldershot
16%
FirstEngland52kAltrincham
11%
LastEngland109kWorthing
5%
FirstEngland67kAshford
0%
FirstEngland70kAtherton
0%

Score Distribution

Percentile by Number Answered

Percent of People with Each Score

Your Score History

You have not taken this quiz